Airbus Airplanes By Year Introduced - Statistics

General Stats
  • This quiz has been taken 200 times
    199 since last reset
  • The average score is 4 of 8
Answer Stats
Hint Answer % Correct
1974 A300
74%
1983 A310
63%
2015 A350
59%
2016 A220
58%
1988 A320
58%
2007 A380
54%
1994 A330
42%
1993 A340
21%
No matching quizzes found
Score Distribution
Percent of People with Each Score
Percentile by Number Answered
Your Score History
You have not taken this quiz since the last reset